ბათუმის შოთა რუსთაველის სახელმწიფო უნივერსიტეტის ბიბლიოთეკა

საქართველოს სახელმწიფო ბიუჯეტის მონიტორინგი = Monitoring of state budget of Georgia / (ბიბ.ჩანაწერი № 63248)

000 -ლიდერი
ფიქსირებული სიგრძის საკონტროლო ველი 01229nam a22001937a 4500
003 - საკონტროლო ნომრის იდენტიფიკატორი
საკონტროლო ველი Ge_BSU
005 - ბოლო ოპერაციის თარიღი და დრო
საკონტროლო ველი 20250703145615.0
008 - ფიქსირებული სიგრძის მონაცემთა ელემენტები - ზოგადი ინფორმაცია
ფიქსირებული სიგრძის საკონტროლო ველი 250703s2010 ge ||||| |||| 00| 0 geo d
020 ## - წიგნის საერთაშორისო სტანდარტული ნომერი
International Standard Book Number 9789941913112
041 ## - ენის კოდი
Language code of text/sound track or separate title geo
080 ## - უნივერსალური ათობითი კლასიფიკაციის ინდექსი
Universal Decimal Classification number 336.14(479.22) ს-32
245 ## - ცნობა სათაურის შესახებ
Title საქართველოს სახელმწიფო ბიუჯეტის მონიტორინგი = Monitoring of state budget of Georgia /
Statement of responsibility, etc [გამოც. მუშაობდნენ: დავით ნარმანია [და სხვ.]].
264 ## - წარმოების, გამოცემის, დისტრიბუციის და სხვა ცნობები
გამოცემის, წარმოების, დისტრიბუციის... ადგილი თბილისი :
გამოცემის, წარმოების, დისტრიბუციის... სახელწოდება [ეკონომიკის პრობლემების კვლევის ცენტრი,]
გამოცემის, წარმოების, დისტრიბუციის... თარიღი 2010.
300 ## - ფიზიკური აღწერა
Extent 74 გვ. :
Other physical details ცხრ. ;
Dimensions 30 სმ.
440 ## - სერიის ცნობა / დამატებულია ჩანაწერი - სათაური
Title პროექტი "საქართველოს 2009 წლის სახელმწიფო ბიუჯეტის გამჭვირვალობისა და ანგარიშვალდებულების გაზრდა მონიტორინგის გზით"
9 (RLIN) 25609
501 ## - შენიშვნა თანმხლებ მასალაზე
With note დანართები: გვ. 69-74.
520 ## - SUMMARY, ETC.
Summary, etc რეზ. ინგლ.
942 ## - ADDED ENTRY ELEMENTS (KOHA)
Source of classification or shelving scheme
Koha item type წიგნი
ეგზემპლარები
ჩამოწერის სტატუსი დაკარგული ეგზემპლარის სტატუსი კლასიფიკაციის წყარო ან თაროზე გაწყობის სქემა დაზიანების სტატუსი არ გაიცემა მუდმივი მდებარეობა (დაცვის ადგილი) ამჟამინდელი ადგილსამყოფელი თაროზე განთავსების ადგილი შეძენის თარიღი ღირებულება, შესყიდვის ნორმალური ფასი სრული შენახვის შიფრი შტრიხკოდი ბოლო ოპერაციის თარიღი ეგზემპლარის მიმდევრობითი ნომერი (კეტერი?) ფასის ძალაში შესვლის თარიღი ეგზემპლარის სახეობა საჯარო შენიშვნა
          ბათუმის შოთა რუსთაველის სახელმწიფო უნივერსიტეტის მთავარი ბიბლიოთეკა ბათუმის შოთა რუსთაველის სახელმწიფო უნივერსიტეტის მთავარი ბიბლიოთეკა წიგნსაცავი 2025-07-03 6.00 336.14(479.22) ს-32 72068 2025-07-03 72068 2025-07-03 წიგნი 6ლ.